000 01596nam0a22002771 4500
001 rc\2693766
005 20250623163604.0
035 _a(NLR Aleph) 006821976
090 _a6453383
_c6453383
100 _a20110915d1933 |||y0rusy50 ca
101 1 _arus
_ceng
102 _aRU
105 _aa z |||||
200 1 _aТеория и практика цинкового электролитного процесса
_fИнж. В. Ч. Эткенхэд
_gПер. с англ. под ред. Г. С. Кваскова
_gГос. ин-т по проектированию предприятий цветной и золото-платиновой пром-сти Гипроцветметзолото
210 _aМосква
_aЛенинград
_cЦветметиздат
_d[1933]
_eЛенинград
_gтип. "Кр. печатник"
215 _aОбл., 88 с., 1 вкл. л. схем.
_cил.
_d23х15 см.
327 0 _aДополнение: "Контроль производства электрометаллургических предприятий". Д-р инж. Георг Эгер
464 0 _12000#$aКонтроль производства электрометаллургических предприятий$fД-р инж. Георг Эгер
_tКонтроль производства электрометаллургических предприятий
700 1 _aЭткенхед
_bВ.Ч.
702 1 _aКвасков
_bГ.С.
_4340
801 0 _aRU
_bNLR
_gpsbo
801 1 _aRU
_bELAR
_2rusmarc
852 _aNLR
_j33-11/613
942 _cBOOK
980 _aNB